LEADER 01567nam a2200289 i 4500 001 000000000787 003 CaOOAMICUS 005 20210420152536.0 008 180830s1994 it u000 u ita u 040 $aSeMil$bita 245 10$aEnchiridion delle Encicliche. 250 $aEd. bilingue. 260 $aBologna :$bEDB,$c1994. 300 $av. ;$c18 cm. 650 4$aEncicliche papali.$0(OLS)http://semarc/subject/9628 774 0 $tBenedetto 14., Clemente 13., Clemente 14., Pio 6., Pio 7., Leone 12., Pio 8. (1740-1830).$kStrumenti$z8810205715$g1$w()40968 774 0 $tGiovanni 23., Paolo 6.$kStrumenti$z8810205774$g7$w()41618 774 0 $tPio 12. (1939-1958).$kStrumenti$z8810205766$g6$w()43809 774 0 $tPio 11. (1922-1939).$kStrumenti$z8810205758$g5$w()44574 774 0 $aGregorius XVI $tGregorio 16., Pio 9. (1831-1878).$kStrumenti$z8810205723$g2$w()56878 774 0 $aLeo XIII $tLeone 13. (1878-1903).$kStrumenti$z8810205731$g3$w()61396 774 0 $aPius X $tPio 10., Benedetto 15. (1903-1922).$kStrumenti$z881020574X$g4$w()65363 774 0 $aIoannes Paulus I $tGiovanni Paolo 1., Giovanni Paolo 2. (1978-1998).$kStrumenti$z8810205782$g8$w()65742 774 0 $tGiovanni Paolo 1., Giovanni Paolo 2., (1978-2005).$dBologna : EDB, copyr. 2005.$bEd. bilingue, 2. ed.$kStrumenti$z88-10-20578-2$g8$w()146198 996 $6245$aEnchiridion delle Encicliche$9(OLS)http://semarc/title/1186 996 $6260$aBologna :$bEDB$9(OLS)http://semarc/publisher/29669 LEADER 02697nam a2200385 i 4500 001 000000050633 003 CaOOAMICUS 005 20120928000000.0 008 120928s1996 it u000 u ita u 013 $a21804 040 $aSeMil$bita 245 13$aIl cardinale Pietro Peregrosso e la fondazione francescana di Pozzuolo Martesana :$b1295-1995 /$ca cura di Claudio M. Tartari ; presentazione di Agostino Paravicini Bagliani ; testi di M. P. Alberzoni ... [et al.]. 260 $aPozzuolo Martesana :$b[s.n.],$c1996. 300 $a205 p. :$bill. ;$c24 cm. 500 $aRaccolta degli atti del Convegno della Giornata di Studi tenutasi a Pozzuolo Martesana il 29 aprile 1995. - Dedica omaggio autografa della prof. Chiara Tangari. 650 4$aPeregrosso, Pietro .$0(OLS)http://semarc/subject/10490 650 4$aPozzuolo Martesana.$0(OLS)http://semarc/subject/10491 700 1 $aTartari, Claudio M.$0(OLS)http://semarc/name/25068 700 1 $aAlberzoni, Maria Pia,$d<1952- >.$0(OLS)http://semarc/name/16171 700 1 $aParavicini Bagliani, Agostino,$d<1943- >.$0(OLS)http://semarc/name/89582 774 0 $aAmbrosioni, Annamaria <1944-2002>$tEcclesiastici milanesi presso la curia romana fino all'età del cardinale Pietro Peregrosso.$w()296037 774 0 $aPerelli Cippo, Roberto$tArcivescovi e Comune di Milano nella seconda metà del Duecento.$w()296038 774 0 $aTartari, Claudio M.$tProfilo biografico di Pietro Peregrosso.$w()296039 774 0 $aPini, Enzo$tTestamento «disperso» di Pietro Peregrosso ; Edizione del testamento di Pietro Peregrosso.$w()296040 774 0 $aAlberzoni, Maria Pia <1952- >$tOrdine francescano fra tensioni politiche e rivalità religiose.$w()296041 774 0 $aCarminati, Ottavio $tVicende del convento francescano di Pozzuolo Martesana fra 14. e 18. secolo.$w()296042 774 0 $aMosconi, Anacleto $tSimbologia religiosa nelle pitture di s. Francesco in Pozzuolo Martesana.$w()296043 774 0 $aMulazzani, Germano$tPiù antica decorazione affrescata di Santa Maria Assunta di Crescenzago e di san Francesco di Pozzuolo Martesana.$w()296044 774 0 $aCalvi, Andrea$tSan Francesco in Pozzuolo Martesana.$w()296045 774 0 $aTangari, Chiara <1967->$tPietro Peregrosso cardinale protettore degli Umiliati.$w()296046 850 $aSeMil 852 $aSeMil$W1$xVenegono$y1$m3P IV 230$j16788$B16788$CSeMilBibl$Z2$F16788 $81 961 $aOmaggio: Autore 996 $6245$aIl cardinale Pietro Peregrosso e la fondazione francescana di Pozzuolo Martesana :$b1295-1995$9(OLS)http://semarc/title/77318 996 $6260$aPozzuolo Martesana :$b[s.n.]$9(OLS)http://semarc/publisher/41270